Rhetorische Stilmittel - Statistiken

Allgemein
  • Dieses Quiz wurde 89 mal gespielt
  • Das Durchschnittsergebnis liegt bei 6 aus 15
Antwortstatistiken
Beispiel Stilmittel % Korrekt
Heulende Hütte Alliteration
72%
Die Sonne lacht Personifikation
67%
Wer ist schon perfekt? Rhetorische Frage
65%
Das habe ich dir schon 1000 Mal gesagt Hyperbel
64%
Wie glänzt die Sonne! Wie lacht die Flur! Anapher
45%
Er kam, sah und siegte Klimax
43%
Am Fuß des Berges Metapher
41%
bittersüß Oxymoron
32%
Er ist gestern entschlafen Euphemismus
26%
Der Sensenmann stand vor seiner Haustür Allegorie
23%
Harte Schale, weicher Kern Antithese
22%
Ich bin alt, jung bist du Chiasmus
17%
Nun ruhen alle Wälder, Vieh, Menschen, Städte und Felder Akkumulation
16%
Er war nicht gerade ein Held Litotes
13%
Ein kreischendes Rot Synästesie
7%
Keine übereinstimmenden Quizze gefunden
Verteilung der Resultate
Anzahl Personen mit jedem Resultat
Perzentil nach korrekt beantworteten Fragen
Ihre Resultats-Entwicklung
Sie haben dieses Quiz noch nicht gespielt